[Event "Belgrade-chT Quality"]
[Site "Belgrade"]
[Date "2016.10.01"]
[Round "1.6"]
[White "Milinkovic, Ognjen D"]
[Black "Zivkovic, Luka"]
[Result "1-0"]
[WhiteElo "1854"]
[BlackElo "1312"]
[PlyCount "68"]
[EventDate "2016.10.01"]
[EventType "team-tourn"]
[EventRounds "11"]
[EventCountry "SRB"]
[SourceTitle "EXT 2018"]
[Source "ChessBase"]
[SourceDate "2017.10.13"]
[SourceVersion "1"]
[SourceVersionDate "2017.10.13"]
[SourceQuality "1"]

1. e4 e5 2. Nf3 d6 3. d4 Nc6 4. dxe5 dxe5 5. Qxd8+ Kxd8 6. Bc4 Nh6 7. 0-0 f5 8. Bg5+ Be7 9. Nc3 f4 10. Rad1+ Ke8 11. Bxe7 Kxe7 12. Nd5+ Kf8 13. Nxc7 Rb8 14. h3 g6 15. c3 Kg7 16. Rd2 Nf7 17. Rfd1 Rd8 18. Rxd8 Nfxd8 19. Rd5 Ne6 20. Ne8+ Kf7 21. Nd6+ Ke7 22. Nxc8+ Rxc8 23. Bb5 Nc7 24. Bxc6 Nxd5 25. Bxd5 b6 26. Nxe5 a5 27. Nc4 Rb8 28. Kf1 a4 29. Ke2 b5 30. Ne5 Kd6 31. Nd3 h5 32. Nxf4 b4 33. c4 Kc5 34. a3 Rc8 1-0

[Event "Srebrno Jezero op-B 7th"]
[Site "Srebrno Jezero"]
[Date "2013.06.14"]
[Round "1"]
[White "Ivkovic, Milos"]
[Black "Milinkovic, Ognjen D"]
[Result "1-0"]
[WhiteElo "1972"]
[BlackElo "1613"]
[PlyCount "77"]
[EventDate "2013.06.14"]
[EventType "swiss"]
[EventRounds "9"]
[EventCountry "SRB"]
[SourceTitle "EXT 2014"]
[Source "ChessBase"]
[SourceDate "2013.11.20"]
[SourceVersion "1"]
[SourceVersionDate "2013.11.20"]
[SourceQuality "1"]

1. c4 e6 2. e4 d5 3. exd5 exd5 4. cxd5 Qxd5 5. Nc3 Qd8 6. Bc4 Nf6 7. Nge2 Be7 8. 0-0 0-0 9. d4 c6 10. Bf4 Nbd7 11. Qd3 Nb6 12. Bb3 Nbd5 13. Be5 Be6 14. Rad1 Qd7 15. h3 Rad8 16. Qf3 Bd6 17. g4 Nxc3 18. bxc3 Bxb3 19. axb3 Bxe5 20. dxe5 Qxd1 21. Rxd1 Rxd1+ 22. Kg2 Nd5 23. Nd4 Re1 24. c4 Nc7 25. Qf5 c5 26. Nc2 Rd1 27. Qf3 Rd2 28. Qxb7 Ne6 29. Ne3 Nf4+ 30. Kg3 Nd3 31. f4 Re2 32. Nf5 Ne1 33. h4 Rd8 34. Nd6 f6 35. Qf7+ Kh8 36. exf6 Rg8 37. fxg7+ Rxg7 38. Qf8+ Rg8 39. Nf7# 1-0